000 00841nam a2200301Ia 4500
003 OSt
005 20221006144428.0
006 a|||||r|||| 00| 0
007 ta
008 221006b |||||||| |||| 00| 0 eng d
020 _a0905031652
_c
_19.25
020 _a9780905031651
024 _a11,661
037 _cTextual
040 _aEASL
_cEASL
_beng
041 _2eng
_aeng
082 _aV1:191.N92, N3
100 _aSATO Seizaburo Ed.
_9651957
245 0 _aProspects for global order
260 _aLondon
_bIIGP
_c1993
300 _a165p.
_ccm.
490 _v Gen
650 _a Gen
650 _aThe changing role of the united states in global order
_9651958
700 _a TAYLOR Trevor Ed.
942 _hV1:191.N92, N3
_cTEXL
_2CC
999 _c1079747
_d1079747